[Event "15th ETC"]
[Site "Gothenburg SWE"]
[Date "2005.08.01"]
[Round "3"]
[White "Thorfinnsson,Br"]
[Black "Gallagher,Jo"]
[Result "0-1"]
[WhiteElo "2448"]
[BlackElo "2544"]
[EventDate "2005.07.30"]

1. d4 Nf6 2. c4 g6 3. Nc3 Bg7 4. e4 d6 5. f4 O-O 6. Nf3 c5 7. d5 e6 8. Be2
exd5 9. cxd5 Bg4 10. O-O Nbd7 11. Re1 Re8 12. h3 Bxf3 13. Bxf3 Qa5 14. g4
h6 15. h4 b5 16. g5 hxg5 17. hxg5 Nh7 18. e5 dxe5 19. d6 Rad8 20. Nd5 Bf8
21. Nc7 c4 22. Nxe8 Rxe8 23. Be3 Re6 24. Bg4 Rxd6 25. Qf3 Rd3 26. Bxd7 exf4
27. Qxf4 Rxd7 28. Red1 Qd8 29. Qg4 Rd3 30. Kf2 Bg7 31. Rxd3 cxd3 32. Rc1
Nf8 33. Rc8 Qd5 34. Rc1 Bxb2 35. Rd1 Ne6 36. Qb4 Nd4 37. Qxb2 Qf3+ 38. Ke1
Qxe3+ 0-1

[Event "15th ETC"]
[Site "Gothenburg SWE"]
[Date "2005.08.01"]
[Round "3"]
[White "Pelletier,Y"]
[Black "Kristjansson,St"]
[Result "0-1"]
[WhiteElo "2603"]
[BlackElo "2459"]
[EventDate "2005.07.30"]

1. c4 Nf6 2. Nc3 e5 3. Nf3 Nc6 4. g3 Bb4 5. Bg2 O-O 6. O-O e4 7. Ng5 Bxc3
8. bxc3 Re8 9. f3 exf3 10. Nxf3 Qe7 11. d4 Qxe2 12. Qxe2 Rxe2 13. d5 Na5
14. Nd4 Rxg2+ 15. Kxg2 d6 16. Bg5 Ng4 17. Rae1 Bd7 18. c5 f6 19. Bf4 Ne5
20. Bxe5 dxe5 21. Nb3 Nc4 22. Re2 Be8 23. Kf2 Bf7 24. Nd2 Bxd5 25. Rb1 Nxd2
26. Rxd2 Bc6 27. Rbd1 Re8 28. Ke3 Kf7 29. g4 Ke7 30. Rf2 Ke6 31. Rfd2 Ke7
32. Rf2 g6 33. h4 Rf8 34. Rg1 Ke6 35. h5 f5 36. gxf5+ gxf5 37. c4 f4+ 38.
Ke2 Rf5 39. Rh2 e4 40. Rg7 Rxc5 41. Rh4 f3+ 42. Ke3 Rxc4 43. Rf4 Rc3+ 44.
Kd2 Ra3 45. Rgf7 e3+ 46. Kc2 Be4+ 47. Kb2 e2 0-1

[Event "15th ETC"]
[Site "Gothenburg SWE"]
[Date "2005.08.01"]
[Round "3"]
[White "Jenni,F"]
[Black "Gunnarsson,Arn"]
[Result "1-0"]
[WhiteElo "2494"]
[BlackElo "2438"]
[EventDate "2005.07.30"]

1. e4 e5 2. Nf3 Nc6 3. Bb5 d6 4. d4 exd4 5. Nxd4 Bd7 6. Nc3 Nf6 7. Bxc6
bxc6 8. Qf3 Rb8 9. b3 Be7 10. e5 dxe5 11. Nxc6 Bxc6 12. Qxc6+ Qd7 13. Qxd7+
Nxd7 14. Bb2 Bd6 15. O-O-O Ke7 16. f4 f6 17. Nd5+ Ke6 18. c4 c6 19. f5+
Kxf5 20. Nxf6 Nxf6 21. Rxd6 Rhe8 22. Rxc6 Rb7 23. Rf1+ Kg4 24. Rd6 Nh5 25.
Kd2 g6 26. Ke3 a5 27. Bc3 Rc8 28. Bxa5 Ra7 29. h3+ Kg3 30. Rf3+ Kh2 31. g4
Ng3 32. Be1 1-0

[Event "15th ETC"]
[Site "Gothenburg SWE"]
[Date "2005.08.01"]
[Round "3"]
[White "Karjakin,Sergey"]
[Black "Upton,T"]
[Result "1-0"]
[WhiteElo "2645"]
[BlackElo "2250"]
[EventDate "2005.07.30"]

1. e4 e5 2. Nf3 Nc6 3. Bb5 a6 4. Ba4 d6 5. O-O Bd7 6. c3 Nge7 7. d4 Ng6 8.
d5 Nb8 9. Bxd7+ Nxd7 10. c4 Be7 11. Nc3 O-O 12. g3 Nf6 13. Ne1 Qd7 14. Nd3
Qh3 15. f3 h6 16. Be3 Nh7 17. c5 f5 18. Nf2 Qh5 19. exf5 Qxf5 20. Nfe4 dxc5
21. Qb3 Kh8 22. Qxb7 Rab8 23. Qxa6 Rxb2 24. Na4 Rbb8 25. Naxc5 Ng5 26. Bxg5
Bxg5 27. Qe2 Be7 28. Ne6 Rfc8 29. Rac1 Bd6 30. Qa6 1-0

[Event "15th ETC"]
[Site "Gothenburg SWE"]
[Date "2005.08.01"]
[Round "3"]
[White "Grant,J"]
[Black "Moiseenko,A"]
[Result "0-1"]
[WhiteElo "2273"]
[BlackElo "2664"]
[EventDate "2005.07.30"]

1. c4 e5 2. Nc3 Nc6 3. g3 f5 4. Bg2 Nf6 5. Nf3 Bb4 6. Nd5 e4 7. Nh4 Nxd5 8.
cxd5 Ne7 9. Qb3 Ba5 10. d6 cxd6 11. g4 fxg4 12. Bxe4 d5 13. Nf5 Nxf5 14.
Bxf5 O-O 15. Qxd5+ Kh8 16. h3 g3 17. fxg3 d6 18. Bd3 h6 19. b4 Qf6 20. Rb1
Bb6 21. Bb2 Qf2+ 22. Kd1 Bd7 23. Bc3 Rac8 24. Rb3 Qxg3 25. Qh5 Qg5 26. Qxg5
hxg5 27. b5 d5 28. e3 Rf3 29. Rg1 d4 30. Bxd4 Bxd4 31. exd4 Be6 32. Ra3 Bc4
33. Bxc4 Rxa3 34. d3 Rf8 35. Rxg5 Kh7 36. d5 Rf6 37. Re5 a6 38. bxa6 b5 39.
Bb3 Raxa6 40. Re6 Kg6 41. Kd2 Ra8 42. Kc3 Rxe6 43. dxe6 Kf6 44. Kd4 Rh8 45.
Kc5 Rxh3 46. d4 Ke7 47. Kxb5 Kd6 48. d5 g5 49. Kc4 g4 50. Kd4 Rf3 51. Bd1
Rf2 52. Ke3 g3 53. Be2 Rh2 54. Kf3 g2 0-1

[Event "15th ETC"]
[Site "Gothenburg SWE"]
[Date "2005.08.01"]
[Round "3"]
[White "Ruck,R"]
[Black "Solak,D"]
[Result "1/2-1/2"]
[WhiteElo "2546"]
[BlackElo "2557"]
[EventDate "2005.07.30"]

1. d4 d6 2. Nf3 g6 3. e4 Bg7 4. Bc4 e6 5. Nc3 Ne7 6. Bg5 h6 7. Be3 d5 8.
Bb5+ Bd7 9. Qe2 O-O 10. O-O-O Bxb5 11. Qxb5 Nbc6 12. exd5 a6 13. Qd3 Nxd5
14. Nxd5 Qxd5 15. Qb3 Rfd8 16. Qxd5 Rxd5 17. c3 g5 18. Rhe1 b5 19. h4 f6
20. Kc2 Kf7 21. Re2 Rad8 22. Rde1 g4 23. Nh2 h5 24. Bf4 e5 25. dxe5 Nxe5
26. Bxe5 fxe5 27. f3 Bh6 28. fxg4 Rd2+ 29. Kb3 Bf4 30. Rxd2 Rxd2 31. Nf3
Rxg2 32. gxh5 Kf6 33. h6 Rg6 34. h7 Rh6 35. a4 bxa4+ 36. Kxa4 Kf5 37. Ka5
c5 38. b4 e4 39. Ng5 cxb4 40. cxb4 e3 41. Rf1 Kg4 42. Rg1+ Kf5 43. Rf1 Kg4
44. Rg1+ Kf5 45. Rf1 Kg4 46. Rg1+ 1/2-1/2

[Event "15th ETC"]
[Site "Gothenburg SWE"]
[Date "2005.08.01"]
[Round "3"]
[White "Ivanisevic,I"]
[Black "Gyimesi,Z"]
[Result "1-0"]
[WhiteElo "2577"]
[BlackElo "2628"]
[EventDate "2005.07.30"]

1. d4 Nf6 2. c4 e6 3. Nc3 Bb4 4. Qc2 O-O 5. a3 Bxc3+ 6. Qxc3 b6 7. Bg5 Ba6
8. Qf3 Nc6 9. e3 Bb7 10. Qd1 d6 11. Ne2 Nb8 12. Nc3 Nbd7 13. Bd3 c5 14. O-O
Qe7 15. d5 Rfe8 16. e4 h6 17. Bh4 e5 18. Rb1 g5 19. Bg3 Kg7 20. Qe2 Bc8 21.
Bc2 Nf8 22. b4 Bd7 23. f3 Rec8 24. Bf2 Ng6 25. bxc5 bxc5 26. Qd2 Rcb8 27.
Rxb8 Rxb8 28. Nd1 Qd8 29. g3 Qe7 30. Ne3 Qd8 31. Qc3 Qb6 32. Kh1 Qb2 33.
Be1 Qxc3 34. Bxc3 Kf8 35. Kg2 Ke7 36. Kf2 Nh5 37. Rh1 Ng7 38. Ke2 f6 39.
Kd2 Kf7 40. Ba5 Rb7 41. h4 gxh4 42. Nf5 Bxf5 43. exf5 Nf8 44. Rxh4 Rb2 45.
g4 Ra2 46. Rxh6 Rxa3 47. Bd8 Ne8 48. Be4 Rb3 49. g5 fxg5 50. Bxg5 Rb2+ 51.
Kc3 Rg2 52. Bd8 Nd7 53. Re6 Rg7 54. Kb3 Kf8 55. f6 Rg1 56. f7 Ng7 57. Rxd6
Nb6 58. Bxb6 axb6 59. Bg6 1-0

[Event "15th ETC"]
[Site "Gothenburg SWE"]
[Date "2005.08.01"]
[Round "3"]
[White "Perez Candelario,Man"]
[Black "Pert,N"]
[Result "0-1"]
[WhiteElo "2504"]
[BlackElo "2493"]
[EventDate "2005.07.30"]

1. e4 e6 2. d4 d5 3. Nd2 Nf6 4. e5 Nfd7 5. c3 c5 6. f4 cxd4 7. cxd4 Be7 8.
Bd3 Nc6 9. Ne2 f5 10. O-O O-O 11. Nf3 Nb6 12. Kh1 Bd7 13. Rg1 Be8 14. h3 a5
15. g4 Bg6 16. a3 fxg4 17. hxg4 Be4 18. Rg3 Qd7 19. Nc3 Bxd3 20. Qxd3 a4
21. Rg2 Rf7 22. Be3 Raf8 23. Re1 Rxf4 24. Bxf4 Rxf4 25. Ne2 Rf8 26. Rf1 Nc4
27. Nc3 Qe8 28. Nxa4 Qg6 29. Qe2 Rf4 30. Nc3 Rxg4 31. Rfg1 Qh6+ 32. Rh2
Rxg1+ 33. Kxg1 Qc1+ 34. Qf1 Qe3+ 35. Qf2 Bg5 36. Nd1 Qc1 37. Qf1 Bf4 38.
Rh4 g5 39. Rg4 h5 40. Rg2 Ne3 41. Qd3 Qxd1+ 42. Qxd1 Nxd1 43. b4 g4 44. b5
Ne7 45. Ne1 Be3+ 46. Kh2 Bxd4 47. Nd3 Ne3 48. Re2 Ng6 49. a4 Nxe5 50. Nxe5
Bxe5+ 51. Kh1 d4 52. a5 Bd6 53. a6 bxa6 54. bxa6 Bc5 55. Rb2 Kf7 56. Rc2
0-1

[Event "15th ETC"]
[Site "Gothenburg SWE"]
[Date "2005.08.01"]
[Round "3"]
[White "Gormally,D"]
[Black "Lopez Martinez,J"]
[Result "1-0"]
[WhiteElo "2557"]
[BlackElo "2507"]
[EventDate "2005.07.30"]

1. d4 d5 2. c4 e6 3. Nc3 Nf6 4. Nf3 c5 5. cxd5 Nxd5 6. e3 Nc6 7. Bc4 cxd4
8. exd4 Be7 9. O-O O-O 10. Re1 Bf6 11. Ne4 Be7 12. a3 b6 13. Qd3 Bb7 14.
Ba2 Re8 15. Bd2 Rc8 16. Rad1 g6 17. h4 Nb8 18. Neg5 Bf6 19. h5 Rc7 20. Bb1
Rd7 21. Nxh7 Kxh7 22. hxg6+ Kg8 23. Bh6 fxg6 24. Qxg6+ Kh8 25. Ng5 Ree7 26.
Qh5 Kg8 27. Nxe6 Qe8 28. Bg6 Qc8 29. Rd3 Rxe6 30. Rxe6 Re7 31. Rg3 1-0

[Event "15th ETC"]
[Site "Gothenburg SWE"]
[Date "2005.08.01"]
[Round "3"]
[White "Palac,M"]
[Black "Pavasovic,D"]
[Result "1-0"]
[WhiteElo "2566"]
[BlackElo "2566"]
[EventDate "2005.07.30"]

1. e4 e5 2. Nf3 Nf6 3. Nxe5 d6 4. Nf3 Nxe4 5. d4 d5 6. Bd3 Nc6 7. O-O Bg4
8. Re1 Be7 9. c3 f5 10. Qb3 O-O 11. Nbd2 Na5 12. Qa4 Nc6 13. Qb3 Na5 14.
Qc2 Nc6 15. b4 a6 16. Ne5 Nxe5 17. dxe5 c5 18. f3 cxb4 19. Bxe4 fxe4 20.
fxg4 Bc5+ 21. Kh1 Rf2 22. Qb3 Kh8 23. Nf1 bxc3 24. Qxc3 Qb6 25. Qg3 Rff8
26. Qb3 Qxb3 27. axb3 Bd4 28. Rb1 Bxe5 29. Bb2 Bxb2 30. Rxb2 d4 31. Rd2
Rad8 32. Ng3 e3 33. Rd3 h5 34. gxh5 Rd5 35. Kg1 Rc8 36. h3 Rcc5 37. Ne2 Rc2
38. Nf4 Rb5 39. Rxd4 Rxb3 40. Rd8+ Kh7 41. h4 Rc5 42. g4 Rc4 43. g5 g6 44.
Red1 1-0

[Event "15th ETC"]
[Site "Gothenburg SWE"]
[Date "2005.08.01"]
[Round "3"]
[White "Dizdar,G"]
[Black "Lenic,L"]
[Result "1-0"]
[WhiteElo "2518"]
[BlackElo "2463"]
[EventDate "2005.07.30"]

1. d4 Nf6 2. Nf3 g6 3. c4 Bg7 4. g3 O-O 5. Bg2 d6 6. O-O Nc6 7. Nc3 e5 8.
dxe5 dxe5 9. Bg5 Be6 10. Qa4 h6 11. Rfd1 Qc8 12. Bxf6 Bxf6 13. Nd2 Bd7 14.
Nde4 Bd8 15. Nd5 f5 16. Nc5 Be8 17. Qa3 e4 18. Bh3 g5 19. b4 g4 20. Bg2 b6
21. Na6 Ne5 22. Naxc7 Qxc7 23. Nxc7 Bxc7 24. Qa6 Rf7 25. Rac1 Nc6 26. a3
Be5 27. c5 b5 28. a4 Nd4 29. Rxd4 Bxd4 30. axb5 Rb8 31. Qd6 1-0

[Event "15th ETC"]
[Site "Gothenburg SWE"]
[Date "2005.08.01"]
[Round "3"]
[White "Borisek,J"]
[Black "Zelcic,R"]
[Result "1-0"]
[WhiteElo "2509"]
[BlackElo "2522"]
[EventDate "2005.07.30"]

1. e4 c6 2. d4 d5 3. exd5 cxd5 4. c4 Nf6 5. Nc3 g6 6. Qb3 Bg7 7. cxd5 O-O
8. Nge2 Na6 9. g3 Qb6 10. Qxb6 axb6 11. Bg2 Nb4 12. O-O Rd8 13. d6 Rxd6 14.
Bf4 Rd7 15. Be5 Nfd5 16. a3 Nxc3 17. bxc3 Nc2 18. Ra2 Bxe5 19. dxe5 Nxa3
20. Rfa1 Ra5 21. e6 Rd6 22. Rxa3 Rxa3 23. Rxa3 Rd1+ 24. Bf1 Bxe6 25. Kg2
Bd5+ 26. f3 Bxf3+ 27. Kxf3 Rxf1+ 28. Ke3 Rd1 29. Rb3 Rd6 30. c4 Re6+ 31.
Kd3 Rd6+ 32. Kc2 Rc6 33. Kc3 Kg7 34. Nf4 e6 35. Nd3 g5 36. Nb2 f5 37. Na4
Kf6 38. Nxb6 Rd6 39. Na4 f4 40. gxf4 gxf4 41. Nc5 Rd1 42. Rxb7 f3 43. Rb8
Ke7 44. Ne4 e5 45. Rb5 Rc1+ 46. Kd3 Ke6 47. Rb6+ Ke7 48. Rb7+ Kf8 49. Rxh7
Re1 50. Rh3 1-0

[Event "15th ETC"]
[Site "Gothenburg SWE"]
[Date "2005.08.01"]
[Round "3"]
[White "Seeman,T"]
[Black "Lindberg,Bo"]
[Result "1/2-1/2"]
[WhiteElo "2405"]
[BlackElo "2359"]
[EventDate "2005.07.30"]

1. Nf3 Nf6 2. g3 g6 3. Bg2 Bg7 4. O-O O-O 5. d4 d6 6. c4 Nbd7 7. Nc3 e5 8.
e4 c6 9. b3 Re8 10. Re1 exd4 11. Nxd4 Nc5 12. h3 a5 13. Bf4 Nh5 14. Be3 Qc7
15. Qc2 Be6 16. Rad1 Rad8 17. Rd2 Bc8 18. Red1 Qe7 19. Re2 Nf6 20. Bf4 Nh5
21. Bc1 Nf6 22. Kh2 Qe5 23. Kg1 Qe7 24. Ree1 Qc7 25. Bf4 Nfd7 26. Bg5 Bf6
27. Be3 Bg7 28. Kh2 Re7 29. Ndb5 Qb8 30. Nxd6 Be5 31. Nxc8 Qxc8 32. Bc1
Rde8 33. Ne2 Bg7 34. Ba3 Qc7 35. Nf4 b6 36. Nd3 Nxd3 37. Qxd3 Nc5 38. Qd6
Bc3 39. Re2 Bb4 40. Qxc7 Rxc7 41. Bb2 Ne6 42. f4 Bf8 43. Red2 a4 44. f5 Nc5
45. Rd8 Rxd8 46. Rxd8 axb3 47. axb3 Rd7 48. Rxd7 Nxd7 49. e5 gxf5 50. Bxc6
Nc5 51. Bd4 Bg7 52. Kg2 Nxb3 53. Bxb6 Bxe5 54. Be3 Nd4 55. Bd5 Kf8 56. Bd2
Ke8 57. Kf2 Ne6 58. Bb4 Kd7 59. Kf3 Ng5+ 60. Kg2 Ne4 61. Be1 Ke7 62. g4 Nc3
63. Bh4+ f6 64. Bg8 fxg4 65. hxg4 h6 66. Kf3 Kd6 67. Be1 Ke7 68. Bf2 Kf8
69. Bh7 Kf7 70. Bc2 Ke6 71. Be3 Kd6 72. Bd3 Na4 73. Bxh6 Nb2 74. Bf8+ Ke6
75. Be2 f5 76. g5 Kf7 77. Bb4 Kg6 78. Be7 Kf7 79. Bd8 Na4 80. Kg2 Nc5 81.
Bh5+ Kg7 82. Kh3 Ne6 83. Be7 Nf4+ 84. Kh4 Ng2+ 85. Kh3 Nf4+ 1/2-1/2

[Event "15th ETC"]
[Site "Gothenburg SWE"]
[Date "2005.08.01"]
[Round "3"]
[White "Karlsson,L"]
[Black "Kulaots,K"]
[Result "1/2-1/2"]
[WhiteElo "2472"]
[BlackElo "2570"]
[EventDate "2005.07.30"]

1. Nf3 Nf6 2. g3 d5 3. Bg2 c6 4. b3 Bf5 5. Bb2 e6 6. O-O h6 7. d3 Bc5 8. c4
O-O 9. Nc3 Nbd7 10. a3 a5 11. d4 Bd6 12. Nd2 Re8 13. e3 Bf8 14. Re1 Bg6 15.
f4 Bd3 16. c5 b6 17. Nf3 Bh7 18. b4 Qc7 19. Ne5 Reb8 20. Na4 axb4 21. axb4
bxc5 22. bxc5 Nxe5 23. fxe5 Ne4 24. Nc3 Nxc3 25. Bxc3 Be7 26. Qd2 Qb7 27.
Bf1 Qb3 28. Rxa8 Rxa8 29. Ra1 Rxa1 30. Bxa1 Be4 31. Bc3 h5 32. Qb2 Qd1 33.
Qe2 Qb3 34. Qb2 Qd1 35. Qe2 Qb3 1/2-1/2

[Event "15th ETC"]
[Site "Gothenburg SWE"]
[Date "2005.08.01"]
[Round "3"]
[White "Kanep,M"]
[Black "Olsson,An"]
[Result "1/2-1/2"]
[WhiteElo "2491"]
[BlackElo "2416"]
[EventDate "2005.07.30"]

1. d4 Nf6 2. c4 g6 3. Nc3 Bg7 4. Nf3 O-O 5. g3 d6 6. Bg2 Nbd7 7. O-O e5 8.
e4 c6 9. b3 exd4 10. Nxd4 Re8 11. Re1 Nc5 12. h3 a5 13. Rb1 Nfd7 14. Be3
Ne5 15. Re2 f5 16. exf5 gxf5 17. Rd2 Nf7 18. Nde2 Rxe3 19. fxe3 Qe7 20. Kf2
Bd7 21. Nd4 Ng5 22. h4 Nf7 23. Re2 Ne5 24. Kg1 Re8 25. Bh3 Ng4 26. Bxg4
fxg4 27. Qc2 Qe5 28. Kg2 Rf8 29. Rd1 Rf3 30. Nxf3 gxf3+ 31. Kxf3 Qh5+ 32.
Kg2 Bxc3 33. Rxd6 Be5 34. Rxd7 Nxd7 35. Rf2 Qg4 36. Qf5 Qxf5 37. Rxf5 Kg7
38. g4 b6 39. Rg5+ Kf7 40. Rf5+ Kg7 41. Rg5+ Kf7 42. Rf5+ Kg7 1/2-1/2

[Event "15th ETC"]
[Site "Gothenburg SWE"]
[Date "2005.08.01"]
[Round "3"]
[White "Carlsson,P"]
[Black "Sepp,O"]
[Result "1-0"]
[WhiteElo "2394"]
[BlackElo "2462"]
[EventDate "2005.07.30"]

1. e4 e5 2. Nf3 Nc6 3. Bb5 Nf6 4. O-O Nxe4 5. d4 Nd6 6. dxe5 Nxb5 7. a4
Nbd4 8. Nxd4 Nxd4 9. Qxd4 d5 10. exd6 Qxd6 11. Qe4+ Qe6 12. Qd4 Qd6 13.
Qe3+ Be7 14. Nc3 c6 15. Ne4 Qe6 16. f4 f5 17. Nf2 Qxe3 18. Bxe3 Bf6 19. Nd3
O-O 20. Rfe1 Rd8 21. Bc5 Kf7 22. Ne5+ Kg8 23. Nc4 b5 24. Ne5 Rd2 25. Nxc6
Rxc2 26. Rac1 Rxc1 27. Rxc1 bxa4 28. Bd4 Bd7 29. Bxf6 gxf6 30. Nd4 Kf7 31.
Rc5 Rb8 32. Rc7 Ke8 33. Rc2 Rb4 34. Rd2 Rc4 35. Kf2 Rc1 36. Re2+ Kf7 37.
Re1 Rc4 38. Rd1 Bc8 39. Rd2 Bb7 40. Ke3 Kg6 41. g3 h5 42. Rc2 Rb4 43. Rd2
Be4 44. h3 Bb1 45. Kf2 Rc4 46. Ne6 Be4 47. Rd7 Rc8 48. Rxa7 Bd5 49. Nc7 Bb3
50. Rb7 Rd8 51. Ke3 Rd7 52. Ra7 Bc4 53. Rb7 Rd3+ 54. Kf2 Rd2+ 55. Ke3 Rd7
56. h4 Rd3+ 57. Kf2 Rd2+ 58. Ke3 Rd7 59. Kf2 Re7 60. Kg1 Bb3 61. Kf2 Bc4
62. Kg1 Re1+ 63. Kf2 Re2+ 64. Kf3 Rd2 65. Ke3 Rd7 66. Kf2 Bd3 67. Ke3 Be4
68. Ra7 Bc6 69. Ke2 Kf7 70. Ke3 Ke7 71. Ke2 Kf7 72. Ke3 Kg6 73. Ke2 Be4 1-0

[Event "15th ETC"]
[Site "Gothenburg SWE"]
[Date "2005.08.01"]
[Round "3"]
[White "Sulskis,S"]
[Black "Van der Stricht,G"]
[Result "1-0"]
[WhiteElo "2535"]
[BlackElo "2400"]
[EventDate "2005.07.30"]

1. e4 c5 2. Nf3 d6 3. d4 cxd4 4. Nxd4 Nf6 5. Nc3 a6 6. Bg5 e6 7. f4 Nbd7 8.
Bc4 b5 9. Bxe6 fxe6 10. Nxe6 Qb6 11. Nd5 Nxd5 12. Qxd5 Qe3+ 13. Kf1 Nb6 14.
Nc7+ Kd7 15. Qf7+ Kc6 16. Nxa8 Nxa8 17. Qd5+ Kc7 18. Qxa8 h6 19. Re1 Qd4
20. Bh4 g5 21. Bf2 Qc4+ 22. Kg1 gxf4 23. Qa7+ Bb7 24. Qd4 Qg8 25. h4 Rh7
26. Rh3 Kc8 27. Rc3+ Rc7 28. a4 bxa4 29. Rxc7+ Kxc7 30. Qxa4 Bg7 31. Qa5+
Kb8 32. Qd2 Be5 33. Bd4 f3 34. Bxe5 dxe5 35. Re3 fxg2 36. Qd6+ Ka8 37. Rf3
Qc4 38. Rf8+ Ka7 39. Qb8+ Kb6 40. Rf6+ 1-0

[Event "15th ETC"]
[Site "Gothenburg SWE"]
[Date "2005.08.01"]
[Round "3"]
[White "Dutreeuw,M"]
[Black "Rozentalis,E"]
[Result "1-0"]
[WhiteElo "2361"]
[BlackElo "2567"]
[EventDate "2005.07.30"]

1. e4 Nf6 2. e5 Nd5 3. g3 d6 4. exd6 exd6 5. Bg2 Nf6 6. h3 d5 7. Nf3 Bd6 8.
O-O O-O 9. Re1 c6 10. d3 a5 11. a4 Na6 12. Nc3 h6 13. Ne2 Re8 14. Bf4 Nc5
15. Bxd6 Qxd6 16. Ned4 Bd7 17. b3 b6 18. Qd2 Na6 19. Kf1 Nc7 20. Nh4 Nh7
21. Nhf3 Qf6 22. h4 g5 23. c3 Kg7 24. Rxe8 Rxe8 25. Re1 Rxe1+ 26. Kxe1 c5
27. Ne2 Bg4 28. hxg5 1-0

[Event "15th ETC"]
[Site "Gothenburg SWE"]
[Date "2005.08.01"]
[Round "3"]
[White "Claesen,P"]
[Black "Kveinys,A"]
[Result "1/2-1/2"]
[WhiteElo "2384"]
[BlackElo "2510"]
[EventDate "2005.07.30"]

1. d4 Nf6 2. Nf3 d5 3. c4 dxc4 4. e3 e6 5. Bxc4 c5 6. O-O a6 7. dxc5 Qxd1
8. Rxd1 Bxc5 9. b3 Nbd7 10. Bb2 O-O 11. Be2 b5 12. a4 bxa4 13. bxa4 Rb8 14.
Bd4 Nd5 15. Rc1 Bxd4 16. Nxd4 Bb7 17. Nd2 Rfc8 18. Nc4 Ba8 19. Na5 1/2-1/2

[Event "15th ETC"]
[Site "Gothenburg SWE"]
[Date "2005.08.01"]
[Round "3"]
[White "Klerides,P"]
[Black "Kizov,A"]
[Result "0-1"]
[WhiteElo "2224"]
[BlackElo "2418"]
[EventDate "2005.07.30"]

1. e4 e5 2. Nf3 Nc6 3. Bb5 Nf6 4. O-O Nxe4 5. d4 Be7 6. dxe5 O-O 7. Re1 d5
8. exd6 Bxd6 9. Bxc6 bxc6 10. Qd4 Nc5 11. Nc3 Bf5 12. Bg5 Qb8 13. Be7 Bxe7
14. Rxe7 Ne6 15. Rxe6 Bxe6 16. b3 Qd8 17. Qe3 Qf6 18. Re1 Bf5 19. Nd4 Rad8
20. Nxf5 Qxf5 21. Ne4 Rfe8 22. f3 Qa5 23. Re2 f5 24. Qg5 Qb6+ 0-1

[Event "15th ETC"]
[Site "Gothenburg SWE"]
[Date "2005.08.01"]
[Round "3"]
[White "Kassinopoullos,D"]
[Black "Georgiev,Vl"]
[Result "0-1"]
[WhiteElo "2094"]
[BlackElo "2532"]
[EventDate "2005.07.30"]

1. d4 Nf6 2. Nf3 d5 3. e3 c5 4. c3 Nbd7 5. Bd3 g6 6. Nbd2 Bg7 7. O-O O-O 8.
e4 dxe4 9. Nxe4 Nxe4 10. Bxe4 Nf6 11. Bc2 cxd4 12. Qxd4 Bg4 13. Qxd8 Rfxd8
14. Nd4 e5 15. Nb3 b6 16. f3 Be6 17. Bg5 Rd7 18. Rfd1 Nd5 19. Re1 a5 20. a4
Rc8 21. Rad1 h6 22. Bh4 Nb4 23. Rxd7 Bxd7 24. cxb4 Rxc2 25. bxa5 bxa5 26.
Nxa5 Rxb2 27. Bg3 f6 28. Nc4 Rb4 29. Nd2 Rxa4 30. Ne4 Bf5 31. Nd6 Bc2 32.
Rc1 Ra2 33. Bf2 h5 34. Be3 Bf8 35. Nc4 Kf7 36. Bf2 Ke6 37. Ne3 Ba4 38. Nd1
Ba3 39. Rb1 Bc2 40. Rb6+ Kd7 0-1

[Event "15th ETC"]
[Site "Gothenburg SWE"]
[Date "2005.08.01"]
[Round "3"]
[White "Jacimovic,D"]
[Black "Kyriakidis,T"]
[Result "1-0"]
[WhiteElo "2438"]
[BlackElo "2144"]
[EventDate "2005.07.30"]

1. d4 Nf6 2. c4 e6 3. Nc3 Bb4 4. Qc2 c5 5. dxc5 O-O 6. a3 Bxc5 7. Nf3 b6 8.
Bg5 Bb7 9. e3 Be7 10. Rd1 d6 11. Be2 a6 12. O-O Nbd7 13. Rd2 Rc8 14. Rfd1
Nc5 15. Bxf6 gxf6 16. b4 Nd7 17. Ne4 Bxe4 18. Qxe4 Qc7 19. Qg4+ Kh8 20. Qh5
Ne5 21. Nxe5 fxe5 22. f4 exf4 23. exf4 f5 24. Rd3 Rg8 25. Qf7 d5 26. Qxe6
Rg6 27. Qxf5 dxc4 28. Rd7 Qc6 29. Qh3 Qe4 30. Rxe7 1-0

[Event "15th ETC"]
[Site "Gothenburg SWE"]
[Date "2005.08.01"]
[Round "3"]
[White "Wagener,Cl"]
[Black "Elsness,F"]
[Result "1/2-1/2"]
[WhiteElo "2273"]
[BlackElo "2440"]
[EventDate "2005.07.30"]

1. e4 e5 2. Nf3 Nc6 3. Bb5 Nf6 4. O-O Nxe4 5. Re1 Nd6 6. Nxe5 Nxe5 7. Rxe5+
Be7 8. Bf1 O-O 9. Nc3 Ne8 10. Nd5 Bd6 11. Re1 c6 12. Ne3 Bc7 13. Nf5 d5 14.
Ne7+ Kh8 15. Nxc8 Rxc8 16. d4 Nf6 17. Bg5 Qd6 18. g3 Ne4 19. Be3 Qg6 20. f3
Nd6 21. Bf4 Ne8 22. Bxc7 Rxc7 23. Qd3 Qf6 24. Re5 Nd6 25. Rae1 g6 26. Qe3
Kg7 27. Bd3 Rcc8 28. c3 Rfe8 29. Kg2 Qd8 30. h4 h5 31. Re2 Qd7 32. Qg5 Rc7
33. g4 hxg4 34. fxg4 Rxe5 35. dxe5 Ne4 36. Bxe4 dxe4 37. Rxe4 Qd5 38. Qe3
Qxa2 39. Qe2 Qd5 40. Kg3 Re7 41. g5 Kg8 42. Qe3 c5 43. Qf4 Rd7 44. Re3 Qd2
45. e6 fxe6 46. Qe4 Qd6+ 47. Kg4 Kf7 48. h5 gxh5+ 49. Kxh5 Qh2+ 50. Kg4
Qg1+ 51. Rg3 Qd1+ 52. Rf3+ Ke7 53. Qf4 Qg1+ 54. Kh5 Qh1+ 55. Kg6 Qb1+ 56.
Kh6 Qh1+ 57. Kg6 1/2-1/2

[Event "15th ETC"]
[Site "Gothenburg SWE"]
[Date "2005.08.01"]
[Round "3"]
[White "Nordahl,H"]
[Black "Weber,Je"]
[Result "0-1"]
[WhiteElo "2423"]
[BlackElo "2262"]
[EventDate "2005.07.30"]

1. d4 Nf6 2. c4 c5 3. d5 b5 4. cxb5 a6 5. b6 Qxb6 6. Nc3 g6 7. a4 a5 8. e4
d6 9. Bb5+ Bd7 10. f4 Bxb5 11. axb5 Nbd7 12. Nf3 Bg7 13. O-O O-O 14. Qe2
Qb7 15. Rd1 Nb6 16. Be3 Ng4 17. Bd2 a4 18. Be1 Kh8 19. e5 dxe5 20. fxe5 f6
21. Bg3 Nxe5 22. Nxe5 fxe5 23. Bxe5 Rf5 24. Bxg7+ Kxg7 25. g4 Rf7 26. Ne4
c4 27. Ng5 Rf6 28. Qe5 Qd7 29. Ne6+ Kg8 30. g5 Rf7 31. Ra3 Qxb5 32. Rf3 Nd7
33. Qe2 Rxf3 34. Qxf3 Qb3 35. Qe2 c3 36. bxc3 a3 37. Nf4 a2 38. Qe1 Qxd1
0-1

[Event "15th ETC"]
[Site "Gothenburg SWE"]
[Date "2005.08.01"]
[Round "3"]
[White "Spice,A"]
[Black "Nyysti,S"]
[Result "1-0"]
[WhiteElo "2175"]
[BlackElo "2344"]
[EventDate "2005.07.30"]

1. Nc3 d5 2. e4 d4 3. Nce2 e5 4. Ng3 Be6 5. c3 c5 6. Nf3 Bd6 7. Bb5+ Nd7 8.
b4 dxc3 9. dxc3 Qb6 10. Ng5 O-O-O 11. Nxe6 fxe6 12. O-O Qxb5 13. Qxd6 Qb6
14. Rd1 cxb4 15. cxb4 Ndf6 16. Qxd8+ Qxd8 17. Rxd8+ Kxd8 18. Bb2 Nd7 19.
Nh5 Ke7 20. Rc1 Ngf6 21. Nxf6 gxf6 22. Kf1 Rg8 23. b5 Kd8 24. a4 Rg7 25. a5
Rg6 26. Ba3 f5 27. Bd6 Rg4 28. f3 Rf4 29. Rc7 fxe4 30. Rxb7 exf3 31. Rxa7
fxg2+ 32. Kxg2 Rc4 33. Ra8+ 1-0

[Event "15th ETC"]
[Site "Gothenburg SWE"]
[Date "2005.08.01"]
[Round "3"]
[White "Sammalvuo,T"]
[Black "Jones,Ri"]
[Result "1-0"]
[WhiteElo "2441"]
[BlackElo "2072"]
[EventDate "2005.07.30"]

1. e4 c5 2. Nf3 d6 3. d4 cxd4 4. Nxd4 Nf6 5. Nc3 a6 6. Be3 e6 7. f3 b5 8.
Qd2 Nbd7 9. g4 h6 10. O-O-O b4 11. Na4 Ne5 12. Qxb4 Bd7 13. Nb6 Rb8 14. Nb3
Nc6 15. Qa4 Rxb6 16. Bxb6 Qxb6 17. Qxa6 Qxa6 18. Bxa6 Nb4 19. Bb7 Nxa2+ 20.
Kb1 Nb4 21. Na5 Bb5 22. c3 Bd3+ 23. Kc1 Be2 24. cxb4 Bxf3 25. Bc6+ Nd7 26.
Nc4 Bxh1 27. Rxh1 Kd8 28. Rd1 Nb8 29. Bb5 Kc7 30. Kc2 Be7 31. Kb3 Nc6 32.
Ba4 Rd8 33. Bxc6 Kxc6 34. Rc1 Kb5 35. Na5 Rd7 36. Rc8 Kb6 37. Rc6+ Kb5 38.
Rc8 Kb6 39. Ka4 d5 40. exd5 exd5 41. b5 Rc7 42. Ra8 Rc1 43. Ra6+ Kc7 44.
b6+ Kb8 45. b7 Ra1+ 46. Kb3 1-0

[Event "15th ETC"]
[Site "Gothenburg SWE"]
[Date "2005.08.01"]
[Round "3"]
[White "Maki Uuro,Mi"]
[Black "Kett,T"]
[Result "1-0"]
[WhiteElo "2390"]
[BlackElo "2192"]
[EventDate "2005.07.30"]

1. d4 f5 2. Nc3 d5 3. Bf4 e6 4. e3 Nf6 5. Nb5 Na6 6. c4 c6 7. Nc3 Nc7 8.
Rc1 Be7 9. Nf3 O-O 10. Bd3 dxc4 11. Bxc4 Ncd5 12. O-O Nxf4 13. exf4 Nd5 14.
Bxd5 exd5 15. Re1 Bd6 16. Ne5 Qf6 17. Na4 Kh8 18. Nc5 Bxe5 19. Rxe5 b6 20.
Nd3 Ba6 21. Nb4 Bb7 22. Qd2 a5 23. Nc2 c5 24. Rce1 g6 25. Re6 Qg7 26. Rxb6
Rac8 27. dxc5 Rxc5 28. Nd4 Bc8 29. b3 Qc7 30. Rbe6 Bxe6 31. Nxe6 Qe7 32.
Qd4+ Kg8 33. Qxc5 1-0